Contract Doctrine, Theory & Practice Volume Two

Detalles Bibliográficos
Autor principal: Verkerke, J. H.
Formato: eBook
Lenguaje:inglés
Publicado: Chicago: The Center for Computer - Assisted Legal Instruction (CALI), 2012
Materias:
Acceso en línea:Acceso restringido

MARC

LEADER 00000nam a22000007a 4500
005 20180426012853.0
007 cr|||| ||||
008 180426s2012 us |||||s|||| 00||0 eng d
035 |a 21489 
040 |a vLex 
090 |c 7824  |d 7824 
100 1 |a Verkerke, J. H. 
245 1 0 |a Contract Doctrine, Theory & Practice  |h [Recurso electrn̤ico] /  |c J. H. Verkerke  |n Volume Two 
256 |a Servicio en ln̕ea 
260 |a Chicago:  |b The Center for Computer - Assisted Legal Instruction (CALI),  |c 2012 
300 |a 1 recurso electrn̤ico 
506 1 |a Disponible solo en los productos indicados  |d vLex Global  |d vLex Global (Academic Edition, excluding Law Schools)  |d vLex Global (U.S. Academic Edition, Law Schools)  |d vLex Global (U.S. Academic Edition, excluding Law Schools)  |d vLex Global (Academic Edition, Law Schools) 
650 0 4 |a Derecho Civil  |z Estados Unidos 
740 0 |a vLex Libros (Servicio en ln̕ea) 
856 4 0 |u http://vlex.com/source/contract-doctrine-theory-practice-volume-two-21489  |z Acceso restringido 
942 |c BOOK 
999 0 |a Civil Law